Технология получения высокоэмиссионных материалов на основе гексаборида лантана в режиме самораспространяющегося высокотемпературного синтеза при механоактивации шихты: автореферат диссертации на соискание ученой степени кандидата технических наук; спец. 05.17.11

Bibliografske podrobnosti
Glavni avtor: Кузнецов М. С. Михаил Сергеевич
Korporativna značnica: Национальный исследовательский Томский политехнический университет (ТПУ) Кафедра физико-энергетических установок
Drugi avtorji: Долматов О. Ю. Олег Юрьевич (научный руководитель)
Izvleček:Защита сост. 27.12.2016 г.
Jezik:ruščina
Izdano: Томск, [Б. и.], 2016
Teme:
Format: Knjiga
KOHA link:https://koha.lib.tpu.ru/cgi-bin/koha/opac-detail.pl?biblionumber=327089

MARC

LEADER 00000nam0a2200000 4500
001 327089
005 20240131151606.0
035 |a (RuTPU)RU\TPU\book\352749 
090 |a 327089 
100 |a 20170125d2016 k y0rusy50 ca 
101 0 |a rus 
102 |a RU 
105 |a a dm 001zy 
200 1 |a Технология получения высокоэмиссионных материалов на основе гексаборида лантана в режиме самораспространяющегося высокотемпературного синтеза при механоактивации шихты  |e автореферат диссертации на соискание ученой степени кандидата технических наук  |e спец. 05.17.11  |f М. С. Кузнецов  |g Национальный исследовательский Томский политехнический университет (ТПУ), Кафедра физико-энергетических установок ; науч. рук. О. Ю. Долматов 
210 |a Томск  |c [Б. и.]  |d 2016 
215 |a 22 с.  |c ил. 
300 |a Защита сост. 27.12.2016 г. 
320 |a Библиогр.: с. 20-22 (18 назв.) 
452 1 |0 (RuTPU)RU\TPU\book\351085  |t Технология получения высокоэмиссионных материалов на основе гексаборида лантана в режиме самораспространяющегося высокотемпературного синтеза при механоактивации шихты  |o автореферат диссертации на соискание учёной степени кандидата технических наук  |o спец. 05.17.11  |f М. С. Кузнецов  |g Национальный исследовательский Томский политехнический университет (ТПУ) ; науч. рук. О. Ю. Долматов  |c Томск  |d 2016  |a Кузнецов, Михаил Сергеевич 
606 1 |a Лантан, гексаборид  |x Термоэмиссионные свойства  |2 stltpush  |3 (RuTPU)RU\TPU\subj\39860  |9 59764 
610 1 |a эмиссионные материалы 
610 1 |a свойства 
610 1 |a синтез 
610 1 |a применение 
610 1 |a эмиттеры 
610 1 |a гексаборид лантана 
610 1 |a физико-химические процессы 
610 1 |a получение 
610 1 |a СВС-методы 
610 1 |a СВС-методы 
610 1 |a самораспространяющийся высокотемпературный синтез 
610 1 |a авторефераты диссертаций 
610 1 |a труды учёных ТПУ 
675 |a 621.385.03(04)  |v 4 
686 |a 05.17.11  |2 oksvnk 
700 1 |a Кузнецов  |b М. С.  |c физик  |c доцент Томского политехнического университета, кандидат технических наук  |f 1984-  |g Михаил Сергеевич  |3 (RuTPU)RU\TPU\pers\30070  |9 14490 
702 1 |a Долматов  |b О. Ю.  |c физик  |c кандидат физико-математических наук  |f 1967-  |g Олег Юрьевич  |3 (RuTPU)RU\TPU\pers\26450  |4 727  |9 12153 
712 0 2 |a Национальный исследовательский Томский политехнический университет (ТПУ)  |b Кафедра физико-энергетических установок  |c (2009- )  |3 (RuTPU)RU\TPU\col\15902 
801 1 |a RU  |b 63413507  |c 20170125 
801 2 |a RU  |b 63413507  |c 20180110  |g RCR 
942 |c BK